| 000 | 00333nam a22001337a 4500 | ||
|---|---|---|---|
| 008 | 171006b xxu||||| |||| 00| 0 eng d | ||
| 020 | _a9780881339871 | ||
| 041 | _aeng | ||
| 080 | _a159.9 | ||
| 100 | _a49 | ||
| 101 | _aPSI | ||
| 245 |
_aASKING AND LISTERING ETNOGARPHY AS PERSONAL ADAPTATION _cEIST.D.V.D |
||
| 942 |
_2udc _cBK |
||
| 999 |
_c32312 _d32312 |
||